00349nam a22001217a 450000500170000000800410001704000070005804100120006508200220007710000060009924501080010565000140021320240311102826.0240311b ||||| |||| 00| 0 eng d cAL aEnglish 223a658.834bMARK a- aMarket study of consumer attitude and perception towards mobile telephones with reference to JT Mobiles a1999-2000